[Event "Warsaw Najdorf Memorial op-B"]
[Site "Warsaw"]
[Date "2021.07.10"]
[Round "1"]
[White "Warcaba, Jakub"]
[Black "Switala, Karina"]
[Result "1-0"]
[WhiteElo "1735"]
[BlackElo "1235"]
[PlyCount "82"]
[EventDate "2021.07.10"]
[EventType "swiss"]
[EventRounds "9"]
[EventCountry "POL"]
[SourceTitle "EXT 2022"]
[Source "ChessBase"]
[SourceDate "2021.10.06"]
[SourceVersion "1"]
[SourceVersionDate "2021.10.06"]
[SourceQuality "1"]

1. c4 c5 2. g3 g6 3. Bg2 Bg7 4. Nc3 Nf6 5. e3 Nc6 6. Nge2 b6 7. d4 cxd4 8. exd4 Bb7 9. Bf4 Rc8 10. d5 Nb4 11. b3 a5 12. 0-0 0-0 13. Re1 Re8 14. Nd4 Nh5 15. Be3 e5 16. Ndb5 e4 17. Qd2 Bxc3 18. Qxc3 Nxd5 19. Qd4 Nxe3 20. Rxe3 d5 21. cxd5 Bxd5 22. Rd1 Nf6 23. Nc3 Bc6 24. Qc4 Qe7 25. Qa6 Qb7 26. Qe2 Re7 27. Rd6 Ne8 28. Rd4 f5 29. Qc4+ Kg7 30. Re1 Nf6 31. Rd6 Rf7 32. Qd4 Rcc7 33. Na4 Bxa4 34. Rxb6 Qa7 35. bxa4 Rc2 36. Bf1 Qd7 37. Rd6 Qc7 38. Rb1 Rc6 39. Rxc6 Qxc6 40. Rb6 Rd7 41. Qb2 Rd2 1-0

[Event "POL Olympiad U14 Girls"]
[Site "Drzonkow"]
[Date "2017.04.07"]
[Round "8"]
[White "Drob, Julia"]
[Black "Switala, Karina"]
[Result "1-0"]
[WhiteElo "1132"]
[BlackElo "1247"]
[PlyCount "115"]
[EventDate "2017.04.02"]
[EventType "swiss"]
[EventRounds "9"]
[EventCountry "POL"]
[SourceTitle "EXT 2020"]
[Source "ChessBase"]
[SourceDate "2019.10.17"]
[SourceVersion "1"]
[SourceVersionDate "2019.10.17"]
[SourceQuality "1"]

1. d4 d5 2. Bf4 e6 3. Nf3 Be7 4. Nbd2 f5 5. e3 Nd7 6. Bd3 Ngf6 7. Ne5 Nxe5 8. Bxe5 0-0 9. h3 c6 10. g4 g6 11. gxf5 exf5 12. Rg1 Ne4 13. f3 Bh4+ 14. Ke2 Nd6 15. f4 Nf7 16. Qf1 Re8 17. Qf3 Nxe5 18. dxe5 d4 19. e4 Rf8 20. Qh5 fxe4 21. Bxe4 Qe7 22. Bxg6 Kh8 23. Nf3 Rxf4 24. Bxh7 Bg4 25. Rxg4 Rxg4 26. Qxg4 Qxh7 27. Qxh4 Qxh4 28. Nxh4 Re8 29. Nf3 Kg7 30. Rg1+ Kh6 31. Rg4 c5 32. Re4 Kg6 33. Kd3 Kf5 34. e6 Re7 35. h4 b5 36. h5 a6 37. h6 Kf6 38. h7 Rxh7 39. e7 Rxe7 40. Rxe7 Kxe7 41. Nxd4 cxd4 42. Kxd4 Kd6 43. b4 Kc7 44. Kc5 Kb7 45. a3 Kc7 46. Kd5 Kb6 47. c4 bxc4 48. Kxc4 Kc6 49. a4 Kb6 50. Kd5 Kc7 51. Ke5 Kc6 52. Ke6 Kc7 53. Kd5 Kd7 54. Kc5 Kc7 55. a5 Kb7 56. Kd6 Kb8 57. Kc6 Ka7 58. Kc7 1-0